| 000 | 00664nam a2200229 a 4500 | ||
|---|---|---|---|
| 999 |
_c9830 _d9830 |
||
| 001 | 9830 | ||
| 003 | BD-JhCC | ||
| 005 | 20180401191134.0 | ||
| 008 | 180401b2006 bg |||| ||a| 000 0 ben d | ||
| 020 | _a9844612312 | ||
| 035 | _a(BD-JhCC) 9830 | ||
| 040 |
_aBD-JhCC _dBD-JhCC |
||
| 041 | _aben | ||
| 082 |
_a618.9298 _bHOS 2006 |
||
| 100 | _aহোসেন, ডা. সুরাইয়া | ||
| 245 |
_aমা ও শিশুর যত্ন / _c ডা. সুরাইয়া হোসেন |
||
| 260 |
_aঢাকা : _bগতিধারা , _c2006 |
||
| 300 |
_a120 p .: _c22 cm . |
||
| 650 | _aChild heath | ||
| 942 |
_2ddc _cBK |
||